বিষয়বস্তু এড়িয়ে যান
VuFind
ভাষা
English
Deutsch
Español
Français
Italiano
日本語
Nederlands
Português
Português (Brasil)
中文(简体)
中文(繁體)
Türkçe
עברית
Gaeilge
Cymraeg
Ελληνικά
Català
Euskara
Русский
Čeština
Suomi
Svenska
polski
Dansk
slovenščina
اللغة العربية
বাংলা
Galego
Tiếng Việt
Hrvatski
हिंदी
সমস্ত ক্ষেত্রসমূহ
আখ্যা
লেখক
বিষয়
ডাক সংখ্যা
আইসবিএন/আইএসএসএন
ট্যাগ
অনুসন্ধান
বিস্তৃত
অনুসন্ধান
Janjathiyon par grameen vikas...
সাইট করুন
এই ই-মেইলটি
মুদ্রণ
নথি এক্সপোর্ট করুন
এক্সপোর্ট করুন RefWorks
এক্সপোর্ট করুন EndNoteWeb
এক্সপোর্ট করুন EndNote
permanent_link
লোডিং...
Janjathiyon par grameen vikas ka prabhav
হোল্ডিংস
বিবরন
অনুরূপ উপাদানগুলি
স্টাফেদের বিবরণ দেখুন
LEADER
00179 a2200097 4500
020
260
942
|c
BK
|6
_
245
|a
Janjathiyon par grameen vikas ka prabhav
100
999
|c
66631
|d
66631
অনুরূপ উপাদানগুলি
Bamgala par Hindi ka Prabhav
অনুযায়ী: Brahmanand
প্রকাশিত: (1962)
Shreemadbhagwath ka Soordas par prabhav/
অনুযায়ী: Vedaprakash Shastri
প্রকাশিত: (1979)
Tamas par rashtriyata ka prabhav
অনুযায়ী: Bhavana B S
প্রকাশিত: (1996)
Shadadarshan par ashcharyotsyom ka prabhav/
অনুযায়ী: Anula Maurya
প্রকাশিত: (2002)
Tamas par rashtriyata ka prabhav
অনুযায়ী: Bhavana B S
প্রকাশিত: (1996)
লোডিং...